高品質急救復甦後照護臨床手冊 / (Record no. 7648)

MARC details
000 -記錄標示
fixed length control field 00870cam a2200289 4500
001 - 控制號(記錄識別欄)
control field 2507825
003 - 控制號標識
控制識別號 yeezen
005 - 最後更新時間
control field 20260106164122.0
008 - 定長欄資料代碼
fixed length control field 240821s2024 ch a e b 000 0 chi d
020 ## - 國際標準書號
國際標準書號 9789863685418
限定資訊 (平裝) :
價格與相關資訊 新臺幣580元
040 ## - 編目來源
原編目機構 SAN
編目語言 chi
移轉機構 桃市圖
編目規則代碼 CCR
041 0# - 語言代碼
正文或其他題名語言代碼 chi
042 ## - 編目審定機構代碼
編定審定機構代碼 nbic
084 ## - 其它分類號
分類號 415.22
號碼來源 ncsclt
090 ## - 館藏紀錄
Classification number (OCLC) (R) ; Classification number, CALL (RLIN) (NR) 415.22
110 2# - 主要款目--團體名稱
團體名稱或轄區名稱 臺灣急救加護醫學會
著作方式 編著
245 10 - 題名及著者敘述項
正題名 高品質急救復甦後照護臨床手冊 /
著者敍述 臺灣急救加護醫學會編著 ; 黃建華主編
250 ## - 版本項
版本敍述 初版
260 ## - 出版項
出版地 新北市汐止區 :
出版者 合記,
出版年 2024.05
300 ## - 稽核項
數量(面數, 冊數或其他) [12], 168面 :
插圖及其他 圖 ;
高廣尺寸 26公分
504 ## - 書目註
書目註 參考書目: 面144-168.
650 #7 - 標題附加款目--主題用語
主題用語 急診醫學
標題系統出處 lcstt.
650 #7 - 標題附加款目--主題用語
主題用語 急救
標題系統出處 lcstt.
650 #7 - 標題附加款目--主題用語
主題用語 復原照護
標題系統出處 lcstt.
700 1# - 附加款目--個人名稱
個人姓名 黃建華
相關職責詞語 主編
942 ## - 附加款目元素 (KOHA)
分類法來源 中文圖書分類法
Koha 館藏類型 長期借閱書籍
Holdings
撤銷狀態 遺失狀態 分類號來源 損壞狀態 不外借 永久館藏地 現在館藏地 書架位置 採購日期 全部借出 全部續借 完整索書號 條碼號 還書日 最後一次日期記錄 Date last checked out 一般價格有效日期 Koha館藏類型
未註銷館藏 未遺失 中文圖書分類法 未損毀 可外借 怡仁綜合醫院圖書館 怡仁綜合醫院圖書館 加護病房 2025-07-01 3 1 415.22 C03234 2026-06-30 2026-01-02 2026-01-02 2025-07-01 長期借閱書籍

怡仁綜合醫院 | 圖書室

📍 32643 桃園市楊梅區楊新北路321巷30號 B1F

院內分機 8232 (圖書室) ‧ 6155 (教學研究部)

聯絡信箱 a9672@yeezen.com.tw